[Event "100th YMCA Winter D"]
[Site "Warszawa"]
[Date "2012.01.26"]
[Round "4"]
[White "Jackiewicz, Jerzy"]
[Black "Rodak, Przemyslaw"]
[Result "0-1"]
[WhiteElo "1668"]
[BlackElo "1566"]
[PlyCount "86"]
[EventDate "2012.01.03"]
[EventType "tourn"]
[EventRounds "1"]
[EventCountry "POL"]
[SourceDate "2012.01.03"]

1. c4 e6 2. Nc3 d5 3. e3 Nf6 4. Nf3 Nbd7 5. Qc2 c5 6. cxd5 exd5 7. d4 Be7 8.
Be2 O-O 9. O-O b6 10. b3 Bb7 11. Bb2 Rc8 12. Qd1 h6 13. Rc1 Re8 14. Bd3 c4 15.
bxc4 dxc4 16. Bb1 a6 17. e4 b5 18. e5 Nd5 19. Qc2 Nf8 20. a3 Nf4 21. Qd1 Bg5
22. Ne4 Be7 23. Qd2 Nd5 24. Nc3 Nxc3 25. Qxc3 a5 26. Qe3 b4 27. axb4 axb4 28.
Ba2 c3 29. Ba1 Ne6 30. Rfd1 Qa5 31. Rc2 Qa4 32. Bxe6 Qxc2 33. Rc1 Qa4 34. Bxc8
Rxc8 35. e6 Qa2 36. exf7+ Qxf7 37. Ne5 Qd5 38. f3 Bg5 39. Qe1 Bxc1 40. Ng6
Qxd4+ 41. Kh1 Qe3 42. Qh4 Re8 43. Qc4+ Qe6 0-1

[Event "100th YMCA Winter D"]
[Site "Warszawa"]
[Date "2012.01.24"]
[Round "4"]
[White "Wilczynski, Adam"]
[Black "Jankiewicz, Maciej"]
[Result "1-0"]
[WhiteElo "1654"]
[BlackElo "1389"]
[PlyCount "119"]
[EventDate "2012.01.03"]
[EventType "tourn"]
[EventRounds "1"]
[EventCountry "POL"]
[SourceDate "2012.01.03"]

1. c4 e5 2. g3 Nf6 3. Bg2 d5 4. cxd5 Nxd5 5. Nf3 Nd7 6. O-O Bc5 7. d4 exd4 8.
Nxd4 c6 9. e4 Nc7 10. Nf5 O-O 11. Bh6 Ne6 12. Bd2 Ne5 13. Qb3 Nd4 14. Nxd4 Qxd4
15. Bc3 Qd6 16. Nd2 Qe7 17. Nf3 Be6 18. Qc2 Nxf3+ 19. Bxf3 Bh3 20. Rfd1 Rad8
21. a3 Bb6 22. Bb4 c5 23. Bc3 h6 24. Rd5 Rxd5 25. exd5 Bc7 26. Re1 Qd7 27. b3
Bd6 28. Bb2 b6 29. a4 Qf5 30. Qc3 f6 31. Be4 Qe5 32. Qc1 Qh5 33. Qd1 Qxd1 34.
Rxd1 Kf7 35. f3 Bd7 36. Kf2 Re8 37. Bd3 Re7 38. f4 h5 39. h4 g6 40. Rd2 Bg4 41.
Be2 Bxe2 42. Rxe2 f5 43. Be5 Rd7 44. Ke1 Bxe5 45. Rxe5 Re7 46. Kd2 a5 47. Kd3
Rd7 48. Kc4 Rd6 49. Kb5 Rf6 50. Ka6 Rd6 51. Kb7 b5 52. Kc7 c4 53. Kxd6 cxb3 54.
Kc5 b2 55. Re1 bxa4 56. d6 a3 57. d7 a2 58. d8=Q a1=Q 59. Re7+ Kf6 60. Qf8# 1-0

[Event "100th YMCA Winter D"]
[Site "Warszawa"]
[Date "2012.01.26"]
[Round "4"]
[White "Tomczyk, Ryszard"]
[Black "Starczewski, Michal"]
[Result "1-0"]
[WhiteElo "1439"]
[BlackElo "1511"]
[PlyCount "73"]
[EventDate "2012.01.03"]
[EventType "tourn"]
[EventRounds "1"]
[EventCountry "POL"]
[SourceDate "2012.01.03"]

1. e4 c5 2. Nf3 d6 3. Bc4 Nc6 4. Ng5 e6 5. d3 Be7 6. Nf3 Nf6 7. a3 O-O 8. Nc3
a6 9. h3 b5 10. Bb3 Bb7 11. Be3 d5 12. exd5 exd5 13. d4 c4 14. Ba2 Re8 15. O-O
Ne4 16. Ne2 a5 17. Rc1 b4 18. a4 c3 19. bxc3 bxc3 20. Nf4 Ba3 21. Rb1 Nb4 22.
Bb3 f6 23. Re1 Qd7 24. Bc1 Bxc1 25. Rxc1 Qf5 26. Nd3 g5 27. Re2 Rac8 28. Nxb4
axb4 29. Qd3 Ra8 30. g4 Qd7 31. Rxe4 Kg7 32. Rxe8 Qxe8 33. Re1 Qd7 34. Qe3 Kf8
35. Qe6 Qf7 36. Qd6+ Kg8 37. Re7 1-0

[Event "100th YMCA Winter D"]
[Site "Warszawa"]
[Date "2012.01.24"]
[Round "4"]
[White "Bartczak, Hanna"]
[Black "Sokur, Ivan"]
[Result "0-1"]
[WhiteElo "1645"]
[BlackElo "1458"]
[PlyCount "108"]
[EventDate "2012.01.03"]
[EventType "tourn"]
[EventRounds "1"]
[EventCountry "POL"]
[SourceDate "2012.01.03"]

1. Nf3 c5 2. c4 Nc6 3. g3 e6 4. Bg2 Nge7 5. O-O g6 6. Nc3 Bg7 7. d3 O-O 8. Bd2
b6 9. Qc1 Bb7 10. Bh6 Nf5 11. Bxg7 Nxg7 12. Nb5 d5 13. cxd5 exd5 14. Qf4 Ne6
15. Qh6 a6 16. Nc3 d4 17. Ne4 f6 18. h4 Ne7 19. Bh3 Ng7 20. Neg5 fxg5 21. Nxg5
Rf6 22. Qxh7+ Kf8 23. Qh8+ Ng8 24. Nh7+ Kf7 25. Ng5+ Kf8 26. Nh7+ Kf7 27. Nxf6
Qxf6 28. e4 Qf3 29. Rfd1 Nf6 30. Qh6 Nfh5 31. Qg5 Re8 32. Bg4 Qf6 33. Qd2 Qd6
34. Rf1 Kg8 35. Rad1 a5 36. Bxh5 Nxh5 37. Qg5 Re5 38. Qg4 Kh7 39. f4 Re7 40.
Rf3 Ng7 41. Qh3 c4 42. e5 Qc5 43. Rf2 cxd3 44. Rxd3 Be4 45. Rdd2 Qc1+ 46. Qf1
Qxf1+ 47. Rxf1 Ne6 48. Kh2 Bf5 49. Rc1 Rd7 50. Rc6 b5 51. b3 d3 52. Kg1 Nd4 53.
e6 Re7 54. Rxd3 Nxc6 0-1

[Event "100th YMCA Winter D"]
[Site "Warszawa"]
[Date "2012.01.24"]
[Round "4"]
[White "Wojcikiewicz, Dariusz"]
[Black "Kovalchuk, Vasyl"]
[Result "0-1"]
[WhiteElo "1434"]
[BlackElo "1662"]
[Annotator "M"]
[PlyCount "102"]
[EventDate "2012.01.03"]
[EventType "tourn"]
[EventRounds "1"]
[EventCountry "POL"]
[SourceDate "2012.01.03"]

1. b3 c5 2. Bb2 d6 3. e3 a6 4. Nc3 Nf6 5. Nge2 Nbd7 6. Nf4 e6 7. g3 Be7 8. Bg2
O-O 9. Ne4 Nxe4 10. Bxe4 Nf6 11. Bg2 Rb8 12. c4 b5 13. cxb5 Rxb5 14. Qc2 Rb8
15. O-O Qb6 16. Qc3 $11 Bd7 17. Rfd1 Rfc8 18. Bf1 e5 19. Ng2 Be6 20. Rab1 a5
21. f4 Nd5 22. Qd3 Nb4 23. Qe2 Nxa2 24. fxe5 Bxb3 25. Re1 Bc2 26. exd6 Qxd6 27.
Qg4 Qg6 28. Qxg6 hxg6 29. Bc4 Bxb1 30. Rxb1 Bf6 31. Bxa2 Rxb2 32. Rxb2 Bxb2 33.
d3 Bc3 34. Kf2 Rb8 35. Bc4 Rb2+ 36. Kf3 a4 37. Nf4 a3 38. Ne2 Bd2 39. d4 cxd4
40. Nxd4 a2 41. Nb3 Rxb3 42. Bxb3 a1=Q 43. Bd5 Qc3 44. g4 Qxe3+ 45. Kg2 Be1 46.
h3 Qg3+ 47. Kh1 Qxh3+ 48. Kg1 Qg3+ 49. Kh1 Bf2 50. Bg2 Qh4+ 51. Bh3 Qxh3# 0-1

[Event "100th YMCA Winter D"]
[Site "Warszawa"]
[Date "2012.01.24"]
[Round "4"]
[White "Markiewicz, Janusz"]
[Black "Olsztynski, Andrzej"]
[Result "1-0"]
[WhiteElo "1411"]
[BlackElo "1534"]
[PlyCount "73"]
[EventDate "2012.01.03"]
[EventType "tourn"]
[EventRounds "1"]
[EventCountry "POL"]
[SourceDate "2012.01.03"]

1. e4 d5 2. exd5 Qxd5 3. Nc3 Qa5 4. b4 Qxb4 5. Rb1 Qc5 6. Rb5 Qc6 7. Rb3 a6 8.
Nf3 Nd7 9. Nd4 Qd6 10. Nf5 Qe5+ 11. Ne3 Ngf6 12. d4 Qh5 13. Be2 Qg6 14. h4 Ne4
15. Ncd5 Qc6 16. c4 e6 17. Nf4 Bd6 18. d5 exd5 19. Nfxd5 Qa4 20. Qc2 Qa5+ 21.
Kf1 Ndf6 22. Nxf6+ Nxf6 23. Bf3 Rb8 24. Bd2 Qe5 25. Bc3 Qf4 26. Bc6+ Kd8 27.
Bf3 b6 28. Bd2 Qe5 29. Bc3 Qf4 30. Qd3 Bd7 31. Bd2 Qe5 32. Rb1 Bc5 33. Bc3 Qf4
34. Rd1 Kc8 35. Bxf6 Ba4 36. Qd8+ Rxd8 37. Rxd8# 1-0

[Event "100th YMCA Winter D"]
[Site "Warszawa"]
[Date "2012.01.24"]
[Round "4"]
[White "Gajewski, Wojciech"]
[Black "Solnicki, Maciej"]
[Result "1/2-1/2"]
[WhiteElo "1481"]
[BlackElo "1474"]
[PlyCount "88"]
[EventDate "2012.01.03"]
[EventType "tourn"]
[EventRounds "1"]
[EventCountry "POL"]
[SourceDate "2012.01.03"]

1. Nf3 c5 2. g3 Nc6 3. Bg2 g6 4. d3 Bg7 5. O-O e5 6. e4 d6 7. Be3 Nge7 8. Qd2
O-O 9. Nc3 Be6 10. h3 Qc7 11. Bh6 Rac8 12. Bxg7 Kxg7 13. Ng5 Nd4 14. Nxe6+ Nxe6
15. Ne2 f5 16. f4 exf4 17. Nxf4 Nxf4 18. Rxf4 fxe4 19. Rxe4 Nf5 20. Qc3+ Kg8
21. Rae1 d5 22. Re5 d4 23. Qc4+ Kh8 24. g4 Ne3 25. R1xe3 dxe3 26. Rxe3 b6 27.
Qc3+ Qg7 28. Qa3 Qd4 29. Qc3 Qxc3 30. bxc3 Rce8 31. Be4 Rf4 32. Kg2 Ref8 33.
Rf3 Kg7 34. Kg3 g5 35. a4 h6 36. Kf2 Rxf3+ 37. Bxf3 Rf4 38. c4 Kf6 39. Ke3 Ke5
40. c3 Kd6 41. h4 Ke5 42. h5 a6 43. Be2 a5 44. Bf3 Ke6 1/2-1/2

[Event "100th YMCA Winter D"]
[Site "Warszawa"]
[Date "2012.01.20"]
[Round "5"]
[White "Solnicki, Maciej"]
[Black "Jackiewicz, Jerzy"]
[Result "1-0"]
[WhiteElo "1474"]
[BlackElo "1668"]
[PlyCount "117"]
[EventDate "2012.01.03"]
[EventType "tourn"]
[EventRounds "1"]
[EventCountry "POL"]
[SourceDate "2012.01.03"]

1. e4 c5 2. Nf3 Nc6 3. d4 cxd4 4. Nxd4 d6 5. Nc3 a6 6. Be3 e5 7. Nb3 Be6 8. Be2
Nf6 9. O-O Be7 10. Qd2 O-O 11. f4 b5 12. Rad1 Qc7 13. f5 Bxb3 14. axb3 Rad8 15.
Rf3 Ng4 16. Rg3 Nxe3 17. Qxe3 f6 18. Nd5 Qb7 19. Bh5 Rd7 20. Nxe7+ Rxe7 21.
Rxd6 Qc7 22. Qc5 Nd4 23. Qxc7 Rxc7 24. c3 Nxb3 25. Rxa6 Nc5 26. Rb6 Nxe4 27.
Re3 Ng5 28. Rxb5 Rd8 29. Rd3 Ra8 30. Rbd5 Rcc8 31. h4 Ne4 32. Bf3 Ra1+ 33. Kh2
Nc5 34. Rd1 Rxd1 35. Rxd1 e4 36. Be2 Kf8 37. Rd4 e3 38. Rc4 Rc7 39. Kg3 Na6 40.
Rxc7 Nxc7 41. Kf4 Nd5+ 42. Ke4 Ne7 43. g4 g5 44. h5 h6 45. Kxe3 Nd5+ 46. Ke4
Nf4 47. Bf1 Ke7 48. b4 Kd6 49. c4 Kc6 50. Kd4 Kd6 51. b5 Kd7 52. Kc5 Kc7 53.
b6+ Kb7 54. Kb5 Kb8 55. Kc6 Kc8 56. c5 Kb8 57. Kd6 Kc8 58. Bc4 Kb8 59. c6 1-0

[Event "100th YMCA Winter D"]
[Site "Warszawa"]
[Date "2012.01.31"]
[Round "5"]
[White "Olsztynski, Andrzej"]
[Black "Gajewski, Wojciech"]
[Result "1/2-1/2"]
[WhiteElo "1534"]
[BlackElo "1481"]
[PlyCount "127"]
[EventDate "2012.01.03"]
[EventType "tourn"]
[EventRounds "1"]
[EventCountry "POL"]
[SourceDate "2012.01.03"]

1. Nc3 g6 2. e4 Bg7 3. d4 c6 4. f4 d5 5. e5 h5 6. Nf3 Nh6 7. Bd3 Bg4 8. h3 Bxf3
9. Qxf3 e6 10. Be3 h4 11. g4 hxg3 12. Qxg3 Na6 13. h4 Nb4 14. O-O-O Nxd3+ 15.
Rxd3 Nf5 16. Qe1 Rxh4 17. Bd2 Rxh1 18. Qxh1 Qh4 19. Rh3 Qe7 20. Ne2 O-O-O 21.
a3 Rg8 22. Bb4 Qd8 23. Be1 Rh8 24. Kd2 Rxh3 25. Qxh3 Qh8 26. Qxh8+ Bxh8 27. Kd3
Bg7 28. Ng3 Nxg3 29. Bxg3 Kd7 30. Bh4 Bf8 31. Ke3 c5 32. c3 cxd4+ 33. cxd4 Kc6
34. a4 b5 35. axb5+ Kxb5 36. Kd3 Kb4 37. Kc2 Kc4 38. Bf2 Be7 39. b3+ Kb5 40.
Be1 a5 41. Bf2 a4 42. bxa4+ Kxa4 43. Be1 Bb4 44. Bh4 Bf8 45. Bg5 Kb4 46. Kd3
Kb3 47. Bh4 Kb4 48. Be1+ Kb5 49. Bf2 Be7 50. Bg3 Kc6 51. Be1 Kd7 52. Ke2 g5 53.
fxg5 Bxg5 54. Kd3 f5 55. exf6 Bxf6 56. Bg3 Ke7 57. Bb8 Kf7 58. Bg3 Kg6 59. Bd6
Kf5 60. Bh2 Bg5 61. Bd6 Bf4 62. Bf8 Bc1 63. Bd6 Bf4 64. Bf8 1/2-1/2

[Event "100th YMCA Winter D"]
[Site "Warszawa"]
[Date "2012.01.31"]
[Round "5"]
[White "Kovalchuk, Vasyl"]
[Black "Markiewicz, Janusz"]
[Result "1-0"]
[WhiteElo "1662"]
[BlackElo "1411"]
[PlyCount "51"]
[EventDate "2012.01.03"]
[EventType "tourn"]
[EventRounds "1"]
[EventCountry "POL"]
[SourceDate "2012.01.03"]

1. c4 d5 2. cxd5 Qxd5 3. Nc3 Qd8 4. g3 Nf6 5. Bg2 c6 6. Nf3 Qc7 7. d4 e6 8. a3
Bd6 9. e4 e5 10. dxe5 Bxe5 11. Nxe5 Qxe5 12. Bf4 Qa5 13. b4 Qb6 14. Bd6 Be6 15.
e5 Ng4 16. Qd2 Nd7 17. Na4 Qa6 18. Nc5 Qb6 19. Qg5 f6 20. Qxg7 O-O-O 21. O-O
Nxc5 22. bxc5 Qa5 23. Rfb1 Bd7 24. exf6 Rdg8 25. Rxb7 Kxb7 26. Qxd7+ 1-0

[Event "100th YMCA Winter D"]
[Site "Warszawa"]
[Date "2012.01.31"]
[Round "5"]
[White "Sokur, Ivan"]
[Black "Wojcikiewicz, Dariusz"]
[Result "1-0"]
[WhiteElo "1458"]
[BlackElo "1434"]
[PlyCount "95"]
[EventDate "2012.01.03"]
[EventType "tourn"]
[EventRounds "1"]
[EventCountry "POL"]
[SourceDate "2012.01.03"]

1. d4 b6 2. c4 e6 3. Nc3 Bb7 4. e3 Nf6 5. Nf3 c5 6. Bd3 Nc6 7. Be2 cxd4 8. exd4
Bb4 9. O-O Bxc3 10. bxc3 O-O 11. Bg5 h6 12. Bh4 Ne7 13. Bxf6 gxf6 14. Qd2 Kh7
15. Bd3+ Ng6 16. Qe3 f5 17. d5 Qf6 18. Nd4 Rg8 19. Kh1 Qg5 20. Qxg5 hxg5 21.
Nb5 Ne5 22. Be2 exd5 23. Nd6 Ba6 24. f4 Nxc4 25. Bxc4 Bxc4 26. Rf2 Rg6 27. Nxf7
gxf4 28. Rxf4 Bd3 29. Ne5 Be4 30. Nxg6 Rg8 31. Nh4 Rg5 32. Kg1 Kg7 33. g3 Kf6
34. Kf2 Rg8 35. Nf3 Rc8 36. Rc1 Rc5 37. Nd2 Ra5 38. Nxe4+ dxe4 39. Rc2 d6 40.
g4 Kg5 41. Rxf5+ Rxf5+ 42. gxf5 Kxf5 43. Ke3 d5 44. Kd4 Kg4 45. Kxd5 Kf3 46.
Kd4 e3 47. Kd3 b5 48. h4 1-0

[Event "100th YMCA Winter D"]
[Site "Warszawa"]
[Date "2012.01.31"]
[Round "5"]
[White "Starczewski, Michal"]
[Black "Bartczak, Hanna"]
[Result "0-1"]
[WhiteElo "1511"]
[BlackElo "1645"]
[PlyCount "68"]
[EventDate "2012.01.03"]
[EventType "tourn"]
[EventRounds "1"]
[EventCountry "POL"]
[SourceDate "2012.01.03"]

1. d4 Nf6 2. c4 d6 3. Nc3 c6 4. e4 Nbd7 5. Nf3 e5 6. d5 Nc5 7. Qc2 a5 8. Bg5
Be7 9. O-O-O Qc7 10. Be3 O-O 11. Ng5 Ng4 12. Qe2 Nxe3 13. Qxe3 h6 14. Nf3 Bg4
15. Kb1 f5 16. h3 fxe4 17. Nxe4 Bf5 18. Bd3 cxd5 19. Nxc5 d4 20. Nxd4 exd4 21.
Ne6 dxe3 22. Nxc7 Bxd3+ 23. Rxd3 exf2 24. Rf1 Rac8 25. Nd5 Bg5 26. b3 b5 27.
Rd4 Rce8 28. Rdd1 bxc4 29. bxc4 Re4 30. Nc7 Rxc4 31. Ne6 Rb8+ 32. Ka1 Bf6+ 33.
Nd4 Rxd4 34. Rxd4 Bxd4# 0-1

[Event "100th YMCA Winter D"]
[Site "Warszawa"]
[Date "2012.01.31"]
[Round "5"]
[White "Jankiewicz, Maciej"]
[Black "Tomczyk, Ryszard"]
[Result "1-0"]
[WhiteElo "1389"]
[BlackElo "1439"]
[Annotator "M"]
[PlyCount "104"]
[EventDate "2012.01.03"]
[EventType "tourn"]
[EventRounds "1"]
[EventCountry "POL"]
[SourceDate "2012.01.03"]

1. e4 c5 2. d4 e6 3. Nf3 cxd4 4. c3 dxc3 5. Nxc3 Bb4 6. Bc4 h6 7. O-O Qc7 8.
Qe2 a6 9. a4 Nc6 10. Rd1 Bd6 11. g3 Qb8 12. b3 Nge7 13. Bb2 O-O 14. Rac1 Bc7
15. Na2 Ng6 16. Qc2 b5 17. Bd3 Nge5 18. Nxe5 Bxe5 19. Bxe5 Nxe5 20. Be2 Rd8 21.
f4 Nc6 22. Qd3 Qb6+ 23. Kf1 Bb7 24. Rc2 b4 25. Qd2 d5 26. e5 Rac8 27. Nc1 Rd7
28. Nd3 Rdc7 29. Nc5 Na5 30. Qe3 Rxc5 31. Rdc1 Nxb3 32. Qxb3 a5 33. Qe3 Ba6 34.
Rxc5 Bxe2+ 35. Kxe2 Qa6+ 36. Kf2 Rb8 37. Rc6 Qa8 38. Rb6 Rc8 39. Rxc8+ Qxc8 40.
Qd3 Qc5+ 41. Qe3 d4 42. Rb8+ Kh7 43. Qd3+ g6 44. h4 Qd5 45. h5 Qa2+ 46. Kf3
Qd5+ 47. Kg4 Kg7 48. Qd1 Qe4 49. hxg6 Qf5+ 50. Kh4 fxg6 51. Rb7+ Kg8 52. Qg4
g5+ $138 1-0

[Event "100th YMCA Winter D"]
[Site "Warszawa"]
[Date "2012.01.31"]
[Round "5"]
[White "Rodak, Przemyslaw"]
[Black "Wilczynski, Adam"]
[Result "1-0"]
[WhiteElo "1566"]
[BlackElo "1654"]
[PlyCount "55"]
[EventDate "2012.01.03"]
[EventType "tourn"]
[EventRounds "1"]
[EventCountry "POL"]
[SourceDate "2012.01.03"]

1. d4 e6 2. c4 Nf6 3. Nc3 Bb4 4. Nf3 c5 5. e3 O-O 6. Bd3 d5 7. a3 Bxc3+ 8. bxc3
Nc6 9. O-O Qc7 10. Qc2 dxc4 11. Bxc4 Na5 12. Bd3 c4 13. Be2 Nb3 14. Rb1 b5 15.
e4 Bb7 16. Ng5 h6 17. e5 hxg5 18. exf6 gxf6 19. f4 f5 20. Bf3 g4 21. Bxb7 Qxb7
22. Qf2 Qe7 23. h3 gxh3 24. Qg3+ Kh7 25. Qxh3+ Kg6 26. Qg3+ Kh5 27. Kf2 Qh4 28.
Rh1 1-0

[Event "100th YMCA Winter D"]
[Site "Warszawa"]
[Date "2012.02.09"]
[Round "6"]
[White "Jackiewicz, Jerzy"]
[Black "Wilczynski, Adam"]
[Result "1/2-1/2"]
[WhiteElo "1668"]
[BlackElo "1654"]
[Annotator "M"]
[PlyCount "132"]
[EventDate "2012.01.03"]
[EventType "tourn"]
[EventRounds "1"]
[EventCountry "POL"]
[SourceDate "2012.01.03"]

1. e4 c5 2. Nf3 d6 3. c3 Nf6 4. Bd3 Nc6 5. h3 e6 6. O-O Be7 7. Bc2 O-O 8. d4
cxd4 9. cxd4 Nb4 10. a3 Nxc2 11. Qxc2 Bd7 12. Nc3 Rc8 13. Bf4 d5 14. e5 Ne4 15.
Rac1 Bxa3 16. Qb3 Nxc3 17. Rxc3 Rxc3 18. bxc3 Be7 19. Qxb7 a5 20. Rb1 a4 21.
Ne1 Bc8 22. Qa7 Qd7 23. Qa5 Bb7 24. Nc2 Ra8 25. Qb6 Ba6 26. Nb4 Bc4 27. Bc1 a3
28. Ra1 a2 29. Bb2 h5 30. g3 Kh7 31. f4 Qa7 32. Qc6 Qa4 33. Qb7 Ra7 34. Qb6 Qd7
35. Kf2 Qb7 36. Qxb7 Rxb7 37. Ba3 Ra7 38. Bc1 Ra4 39. Bd2 Kg6 40. g4 f5 41.
exf6 gxf6 42. Kg3 f5 43. g5 Bxb4 44. cxb4 Ra3+ 45. Kh4 Bf1 46. Rxf1 a1=Q 47.
Rxa1 Rxa1 48. Bc3 Ra3 49. Be1 Rf3 50. Bg3 Rf1 51. b5 Rb1 52. b6 Rxb6 53. Be1
Rb3 54. Ba5 Rb7 55. Bd8 Rb3 56. Bc7 Rc3 57. Bd6 Rd3 58. Be5 Re3 59. Bf6 Rf3 60.
Be5 $11 Kf7 61. Bd6 Rd3 62. Be5 Re3 63. Bf6 Kg6 64. Be5 Rf3 65. Bd6 Rd3 66. Be5
Rd1 1/2-1/2

[Event "100th YMCA Winter D"]
[Site "Warszawa"]
[Date "2012.02.17"]
[Round "6"]
[White "Tomczyk, Ryszard"]
[Black "Rodak, Przemyslaw"]
[Result "0-1"]
[WhiteElo "1439"]
[BlackElo "1566"]
[PlyCount "42"]
[EventDate "2012.01.03"]
[EventType "tourn"]
[EventRounds "1"]
[EventCountry "POL"]
[SourceDate "2012.01.03"]

1. e4 Nf6 2. e5 Nd5 3. c4 Nb6 4. d4 d6 5. exd6 cxd6 6. Nf3 Bg4 7. Bd3 g6 8. h3
Bxf3 9. Qxf3 Nc6 10. Qe3 Bg7 11. d5 Ne5 12. Na3 Rc8 13. f4 Nexc4 14. Nxc4 Nxc4
15. Bxc4 Rxc4 16. Qxa7 O-O 17. O-O Bd4+ 18. Be3 Bxa7 19. Bxa7 Qa5 20. b3 Rc2
21. Rf2 Qxa7 0-1

[Event "100th YMCA Winter D"]
[Site "Warszawa"]
[Date "2012.02.07"]
[Round "6"]
[White "Bartczak, Hanna"]
[Black "Jankiewicz, Maciej"]
[Result "1-0"]
[WhiteElo "1645"]
[BlackElo "1389"]
[PlyCount "123"]
[EventDate "2012.01.03"]
[EventType "tourn"]
[EventRounds "1"]
[EventCountry "POL"]
[SourceDate "2012.01.03"]

1. Nf3 Nf6 2. g3 e6 3. Bg2 d5 4. c4 dxc4 5. Qa4+ c6 6. Qxc4 Nbd7 7. d4 Be7 8.
O-O O-O 9. Qc2 Re8 10. Nc3 Qc7 11. Bf4 Bd6 12. Nb5 cxb5 13. Qxc7 Bxc7 14. Bxc7
Nd5 15. Bd6 a5 16. Rfc1 Ra6 17. Bc7 Nxc7 18. Rxc7 Rc6 19. Rc1 Rxc1+ 20. Rxc1
Nb8 21. Ne5 f6 22. Nd3 Na6 23. a3 Kf8 24. Nc5 b6 25. Nd3 Ke7 26. Bc6 Bd7 27.
Bb7 Nb8 28. b4 a4 29. e4 Kd8 30. f3 Re7 31. Kf2 e5 32. dxe5 fxe5 33. Bd5 Be6
34. Bc6 Bd7 35. Bd5 Be6 36. Bxe6 Rxe6 37. Ke3 Nc6 38. f4 Kd7 39. Rd1 Kc7 40.
Nxe5 Nxe5 41. fxe5 Rxe5 42. Rd5 Rxd5 43. exd5 Kd6 44. Ke4 h6 45. g4 g6 46. h4
g5 47. hxg5 hxg5 48. Kd4 Kd7 49. Ke5 Ke7 50. d6+ Kd7 51. Kd5 Kd8 52. Kc6 Kc8
53. Kxb6 Kd7 54. Kc5 Kd8 55. Kxb5 Kd7 56. Kc5 Kd8 57. b5 Kc8 58. Kc6 Kb8 59. d7
Ka7 60. Kc7 Ka8 61. d8=Q+ Ka7 62. Qb8# 1-0

[Event "100th YMCA Winter D"]
[Site "Warszawa"]
[Date "2012.02.07"]
[Round "6"]
[White "Wojcikiewicz, Dariusz"]
[Black "Starczewski, Michal"]
[Result "0-1"]
[WhiteElo "1434"]
[BlackElo "1511"]
[PlyCount "80"]
[EventDate "2012.01.03"]
[EventType "tourn"]
[EventRounds "1"]
[EventCountry "POL"]
[SourceDate "2012.01.03"]

1. b3 d5 2. e3 c5 3. Bb2 Nc6 4. Bb5 Bd7 5. Nf3 e6 6. O-O Nf6 7. d4 Bd6 8. c4
O-O 9. Nc3 a6 10. Bxc6 Bxc6 11. cxd5 Nxd5 12. Ne4 Nxe3 13. fxe3 Bxe4 14. Rf2
Rc8 15. g3 Qe7 16. Nd2 Bg6 17. Qf3 cxd4 18. Bxd4 Bc5 19. Nc4 Bxd4 20. exd4 Rfd8
21. Qe3 Rc6 22. Rd1 b5 23. d5 bxc4 24. Rfd2 Qc5 25. Qxc5 Rxc5 26. d6 c3 27. Rd4
c2 28. Rc1 Rd5 29. Rxd5 exd5 30. Re1 Be4 31. Kf2 Rxd6 32. Ke3 f5 33. Kd4 Rc6
34. Rc1 Kf7 35. Ke5 d4 36. Kxd4 Rd6+ 37. Kc3 Rd1 38. Rxc2 Bxc2 39. Kxc2 Rh1 40.
h4 Rg1 0-1

[Event "100th YMCA Winter D"]
[Site "Warszawa"]
[Date "2012.02.07"]
[Round "6"]
[White "Markiewicz, Janusz"]
[Black "Sokur, Ivan"]
[Result "1-0"]
[WhiteElo "1411"]
[BlackElo "1458"]
[PlyCount "79"]
[EventDate "2012.01.03"]
[EventType "tourn"]
[EventRounds "1"]
[EventCountry "POL"]
[SourceDate "2012.01.03"]

1. e4 e6 2. Qe2 b6 3. g3 Bb7 4. Bg2 g6 5. Nf3 Bg7 6. O-O c5 7. Rd1 Nc6 8. c3
Nge7 9. d4 cxd4 10. Nxd4 Nxd4 11. cxd4 d5 12. e5 Nc6 13. Nc3 a6 14. Be3 O-O 15.
Rac1 Rc8 16. Qg4 Ne7 17. Bg5 Qd7 18. Qh4 Nf5 19. Qh3 Rc7 20. g4 Ne7 21. Qh4
Rfc8 22. Rd3 b5 23. Rh3 h5 24. gxh5 Nf5 25. Qf4 b4 26. Ne2 Rxc1+ 27. Nxc1 gxh5
28. Rxh5 Rc4 29. Nb3 Bc6 30. Bf1 Rc2 31. Bf6 Bb5 32. Bxg7 Nxg7 33. Rg5 Qe7 34.
Bxb5 axb5 35. Qg4 Qf8 36. Nc5 f5 37. Qh5 Rxc5 38. dxc5 Qxc5 39. Qe8+ Kh7 40.
Qg6+ 1-0

[Event "100th YMCA Winter D"]
[Site "Warszawa"]
[Date "2012.02.07"]
[Round "6"]
[White "Gajewski, Wojciech"]
[Black "Kovalchuk, Vasyl"]
[Result "0-1"]
[WhiteElo "1481"]
[BlackElo "1662"]
[PlyCount "68"]
[EventDate "2012.01.03"]
[EventType "tourn"]
[EventRounds "1"]
[EventCountry "POL"]
[SourceDate "2012.01.03"]

1. c4 e5 2. Nc3 Nf6 3. g3 c6 4. Bg2 Be7 5. Rb1 d6 6. d3 Be6 7. Bg5 Nbd7 8. b4
a6 9. a4 h6 10. Bxf6 Bxf6 11. e3 O-O 12. Nge2 Rc8 13. O-O Be7 14. Qd2 f5 15. f4
Nf6 16. b5 axb5 17. axb5 Qd7 18. bxc6 bxc6 19. Rb6 Rc7 20. Rfb1 Rfc8 21. h3 Bd8
22. Qb2 e4 23. Nd4 exd3 24. Nxe6 Qxe6 25. Qb3 Qxe3+ 26. Kh2 Nh5 27. Rb8 Qxg3+
28. Kh1 Nxf4 29. Rb2 Bh4 30. Rxc8+ Rxc8 31. Kg1 Nxh3+ 32. Kh1 Nf4 33. Qb7 Qe1+
34. Kh2 Bg3# 0-1

[Event "100th YMCA Winter D"]
[Site "Warszawa"]
[Date "2012.02.07"]
[Round "6"]
[White "Solnicki, Maciej"]
[Black "Olsztynski, Andrzej"]
[Result "0-1"]
[WhiteElo "1474"]
[BlackElo "1534"]
[Annotator "M"]
[PlyCount "58"]
[EventDate "2012.01.03"]
[EventType "tourn"]
[EventRounds "1"]
[EventCountry "POL"]
[SourceDate "2012.01.03"]

1. e4 e5 2. Nf3 Nc6 3. d4 exd4 4. Bc4 Nf6 5. O-O Be7 6. Nxd4 Nxe4 7. Re1 d5 8.
Bb5 Qd6 9. f3 Nf6 10. Qe2 Bd7 11. Bxc6 bxc6 12. Kh1 O-O 13. Nc3 Rfe8 14. Qd3 a6
15. Bg5 c5 16. Nf5 Bxf5 17. Qxf5 c6 18. Rad1 h6 19. Bh4 Rad8 20. Qd3 c4 21. Qe2
Kf8 22. Bf2 Qb4 23. Rb1 Qb8 24. Qd2 Bd6 25. Rxe8+ Rxe8 26. g3 Re6 27. b3 Qb4
28. bxc4 Qxc4 29. Bd4 Bb4 $138 0-1

[Event "100th YMCA Winter D"]
[Site "Warszawa"]
[Date "2012.02.16"]
[Round "7"]
[White "Olsztynski, Andrzej"]
[Black "Jackiewicz, Jerzy"]
[Result "0-1"]
[WhiteElo "1534"]
[BlackElo "1668"]
[Annotator "M"]
[PlyCount "194"]
[EventDate "2012.01.03"]
[EventType "tourn"]
[EventRounds "1"]
[EventCountry "POL"]
[SourceDate "2012.01.03"]

1. e4 c5 2. Nf3 Nc6 3. d4 cxd4 4. Nxd4 e5 5. Nf5 d6 6. Ng3 Nf6 7. Nc3 Be7 8.
Be3 Ng4 9. Nd5 Nxe3 10. Nxe3 Be6 11. c3 a6 12. Be2 Qd7 13. O-O Rd8 14. Nd5 Bxd5
15. Qxd5 Bf6 16. Bc4 O-O 17. Nh5 Ne7 18. Qd3 Ng6 19. Nxf6+ gxf6 20. Qf3 Qe7 21.
Rad1 Kh8 22. Qf5 Rg8 23. Qh5 Nf4 24. Qxf7 Qxf7 25. Bxf7 Rxg2+ 26. Kh1 Rg7 27.
Bd5 b5 28. Rg1 Nxd5 29. Rxd5 Rxg1+ 30. Kxg1 Kg7 31. Rd3 f5 32. f3 f4 33. Rd2
Rd7 34. Rg2+ Kf6 35. Kf1 d5 36. exd5 Rxd5 37. Ke2 h5 38. h4 Rd8 39. Rg5 Rh8 40.
Kd3 Rd8+ 41. Kc2 Rh8 42. b3 a5 43. c4 b4 44. Rg2 Rd8 45. Rg5 Rh8 46. Kb2 Rd8
47. Kc2 Rh8 48. Kd3 Rd8+ 49. Ke2 Rh8 50. Rg1 Rd8 51. c5 Rd7 52. c6 Rc7 53. Rc1
Ke6 54. Kd3 Kd5 55. Rd1 Rxc6 56. Ke2+ Ke6 57. Rd2 Rc5 58. Kf2 Kf5 59. Re2 Rc6
60. Kg2 Rd6 61. Kh2 Rd3 62. Kg2 Rd4 63. Rc2 Rd3 64. Kf2 Ke6 65. Ke2 $11 Re3+
66. Kf2 Kd5 67. Rc8 Rc3 68. Rd8+ Ke6 69. Rd2 Rc1 70. Kg2 Re1 71. Rc2 Kd5 72.
Rd2+ Kc5 73. Kh2 e4 74. fxe4 Rxe4 75. Kg2 Rd4 76. Re2 Kd5 77. Kf3 Kd6 78. Kf2
$11 f3 79. Kxf3 Rxh4 80. Kg3 Rd4 81. Rh2 h4+ 82. Kf3 Kd5 83. Re2 Rd3+ 84. Kg2
Kd4 85. Rc2 Rc3 86. Rf2 Kd3 87. Kh3 Rc2 88. Rf8 Rxa2 89. Rc8 Ra3 90. Rc5 Kd4
91. Rc4+ Kd5 92. Kxh4 Rxb3 93. Rc8 a4 94. Kg4 a3 95. Kf4 a2 96. Ra8 Rb2 97. Ke3
Kc4 0-1